| 000 | 00353nam a2200133Ia 4500 | ||
|---|---|---|---|
| 008 | 240624s9999 xx 000 0 und d | ||
| 041 | _aeng | ||
| 082 | _a336 ECC | ||
| 100 | _aECCLESTON RICHARD | ||
| 245 | _aFUTURE OF FEDERALISM INTERGOVERNMENTAL F | ||
| 260 |
_c2017 _aUnited Kingdom _bEdward Elgar |
||
| 300 | _ax, 383 p.; 23 cm. | ||
| 365 |
_cBPS _b33 |
||
| 999 |
_c32232 _d32232 |
||